Cánh đồng bất tận /
Tập hợp các truyện ngắn mới và hay nhất của nhà văn Nguyễn Ngọc Tư như : Cải ơi, Thương quá rau răm, Những cánh đồng bất tận, duyên phận so le , Một trái tim khô ...........
Сохранить в:
| Главный автор: | |
|---|---|
| Формат: | |
| Язык: | Vietnamese |
| Опубликовано: |
Tp.HCM :
Trẻ ,
2006
|
| Редактирование: | Tái bản lần thứ 2 |
| Предметы: | |
| Метки: |
Добавить метку
Нет меток, Требуется 1-ая метка записи!
|
| Thư viện lưu trữ: | Thư viện Trường CĐ Kỹ Thuật Cao Thắng |
|---|
| LEADER | 00916nam a2200205 a 4500 | ||
|---|---|---|---|
| 001 | TVCDKTCT5083 | ||
| 003 | Thư viện trường Cao đẳng Kỹ thuật Cao Thắng | ||
| 005 | 20060426000000 | ||
| 008 | 060426 | ||
| 980 | \ | \ | |a Thư viện Trường CĐ Kỹ Thuật Cao Thắng |
| 024 | |a RG_1 #1 eb0 i1 | ||
| 041 | 0 | # | |a vie |
| 082 | # | # | |a 810.9 / |b NG527T-c |
| 100 | 1 | # | |a Nguyễn Ngọc Tư |
| 245 | 0 | 0 | |a Cánh đồng bất tận / |c Nguyễn Ngọc Tư |
| 250 | # | # | |a Tái bản lần thứ 2 |
| 260 | # | # | |a Tp.HCM : |b Trẻ , |c 2006 |
| 300 | # | # | |a 213tr. ; |c 19cm |
| 520 | # | # | |a Tập hợp các truyện ngắn mới và hay nhất của nhà văn Nguyễn Ngọc Tư như : Cải ơi, Thương quá rau răm, Những cánh đồng bất tận, duyên phận so le , Một trái tim khô ........... |
| 650 | # | 4 | |a Văn học--Việt Nam--Tập truyện |